000 00661nam a22002297a 4500
003 UA-OsUOA
001 28779
007 ta
008 20050504b un ||||| |||| 00| 0 ukr d
090 _a94(477)152
_bП81
942 _cBK
040 _aUA-OsUOA
_bukr
_cUA-OsUOA
_dUA-OsUOA
245 _aПропам'ятна книга українського народного дому у Вінніпегу
_cРед. Д.Дорошенко
300 _a863 с.
955 _a0
041 _aukr
080 _a94(477)152
260 _aВінніпег
_bУкранський Народний дім
_c1949
044 _aCA
650 7 _2UDC
999 _c315151
_d315151